[Event "St Louis Spring A"]
[Site "Saint Louis USA"]
[Date "2019.03.02"]
[Round "1.4"]
[White "Bok, Benjamin"]
[Black "Le, Quang Liem"]
[Result "0-1"]
[WhiteTitle "GM"]
[BlackTitle "GM"]
[WhiteElo "2638"]
[BlackElo "2715"]
[WhiteFideId "1017063"]
[BlackFideId "12401137"]
[EventDate "2019.03.02"]

1. d4 Nf6 2. c4 e6 3. g3 Bb4+ 4. Nd2 d5 5. Bg2 O-O 6. Nf3 b6 7. O-O Bb7 8. b3
Nbd7 9. Bb2 Ne4 10. Rc1 f5 11. a3 Be7 12. b4 c6 13. Qb3 Kh8 14. Rfd1 Qe8 15. Ne5
Nxe5 16. dxe5 Rd8 17. cxd5 exd5 18. e3 c5 19. bxc5 Bc6 20. Qa2 bxc5 21. f3 Ng5
22. f4 Ne4 23. Nxe4 fxe4 24. Ba1 Qg6 25. Qe2 Bb7 26. Bf1 Bc8 27. Qg2 h5 28. Rb1
d4 29. exd4 cxd4 30. Re1 e3 31. Rbc1 d3 32. Rc6 d2 33. Rd1 Qh7 34. Rc7 Rd7 35.
Qc6 Rxc7 36. Qxc7 Re8 37. Bb5 Qe4 38. Bxe8 e2 0-1